|
|
|
|
| LEADER |
00000nab a22000005a 4500 |
| 001 |
AR-BbUGT10148 |
| 003 |
AR-BbUGT |
| 005 |
20210507081554.0 |
| 007 |
ta |
| 008 |
190715s2018 fr |||p |||| 00| 0 fre d |
| 999 |
|
|
|c 15834
|d 15834
|
| 040 |
|
|
|a AR-BbUGT
|c AR-BbUGT
|b spa
|e rca
|
| 041 |
|
|
|a fre
|
| 100 |
1 |
|
|a Cominelli, Francesca.
|
| 245 |
1 |
4 |
|a Les espaces du tourisme et des loisirs :
|b entre ordinaire et extraordinaire /
|c Francesca Cominelli, Édith Fagnoni & Sébastien Jacquot
|
| 300 |
|
|
|a p. 431-441
|
| 505 |
2 |
|
|a El aporte de la geografía al estudio del turismo y el ocio -- El turismo entre lo ordinario y lo extraordinario -- El turismo de lo ordinario
|
| 653 |
|
|
|a Turismo
|a Ocio
|a Tiempo libre
|a Recreación
|a Espacios ordinarios
|a Espacios extraordinarios
|
| 700 |
1 |
|
|a Fagnoni, Édith.
|
| 700 |
1 |
|
|a Jacquot, Sébastien.
|
| 773 |
0 |
|
|t Bulletin de l'Association de Géographes Francais
|x 0004-5322
|d París : L'Association de Géographes Francais, [1924] - .
|w AR-BbUGT7067
|g Vol. 95, no. 4 (déc. 2018), p. 431-441
|
| 942 |
|
|
|c ARTPP
|2 ddc
|